| 000 | 00631nam a2200193 a 4500 | ||
|---|---|---|---|
| 001 | 000048193 | ||
| 005 | 20201002061000.0 | ||
| 008 | 181205s2016 dr r 000 0 spa d | ||
| 020 | _a9789945085099 | ||
| 040 |
_aDO-SdBNP _bspa _cBNPHU |
||
| 082 |
_axxxx _bA162d |
||
| 100 | 1 |
_aAbreu Abreu, Tomás, _d1962- _922623 |
|
| 245 | 1 | 0 |
_aDeseo in vitro / _cTomás Abreu Abreu ; corrección Julio Adames. |
| 260 |
_aSanto Domingo : _bBúho, _c2016. |
||
| 300 |
_a[54] p. ; _c20 cm. |
||
| 500 | _aIncluye datos biográficos del autor en la solapa de la cubierta | ||
| 590 | _aInventariado, 2019/BT | ||
| 700 | 1 |
_aAdames, Julio, _ecorr. _933905 |
|
| 999 |
_c47681 _d47681 |
||